Southville International School and Colleges
Your cart is empty.
  • Cart
  • Lists
    Public lists Eva Luna New books Lux_list list_1
    Your lists Log in to create your own lists
  • Log in to your account
  • Your cookies
  • Search history
Southville International School and Colleges
  • Advanced search
  • Recent comments
  • Most popular
  • Libraries

Log in to your account

Log in with GOOGLE


If you do not have an external account, but do have a local account, you can still log in:

  1. Home
  2. MARC view: People of destiny :
Normal view MARC view ISBD view

People of destiny : (Record no. 301)

[ view plain ]
MARC details
000 -LEADER
fixed length control field 01086nam a22003371 4500
001 - CONTROL NUMBER
control field 760246
003 - CONTROL NUMBER IDENTIFIER
control field OSt
005 - DATE AND TIME OF LATEST TRANSACTION
control field 20140310181626.0
008 - FIXED-LENGTH DATA ELEMENTS--GENERAL INFORMATION
fixed length control field 850828s1968 iluac j b 001 0beng
010 ## - LIBRARY OF CONGRESS CONTROL NUMBER
LC control number 68031305
040 ## - CATALOGING SOURCE
Original cataloging agency DLC
Transcribing agency DLC
Modifying agency DLC
042 ## - AUTHENTICATION CODE
Authentication code lcac
050 00 - LIBRARY OF CONGRESS CALL NUMBER
Classification number NA 737
Item number .R514 1968
082 00 - DEWEY DECIMAL CLASSIFICATION NUMBER
Classification number REF 920
Item number W93 1968
100 1# - MAIN ENTRY--PERSONAL NAME
Personal name Richards, Kenneth G.,
Dates associated with a name 1926-
245 10 - TITLE STATEMENT
Title People of destiny :
Statement of responsibility, etc [by] Kenneth G. Richards.
Remainder of title Frank Lloyd Wright /
260 ## - PUBLICATION, DISTRIBUTION, ETC. (IMPRINT)
Place of publication, distribution, etc Chicago :
Name of publisher, distributor, etc Childrens Press,
Date of publication, distribution, etc c1968
300 ## - PHYSICAL DESCRIPTION
Extent 95 p.
Other physical details illus., ports.
Dimensions 29 cm.
490 1# - SERIES STATEMENT
Series statement People of destiny: a humanities series
500 ## - GENERAL NOTE
General note Includes Bibliography & index
504 ## - BIBLIOGRAPHY, ETC. NOTE
Bibliography, etc Bibliography: p. 92.
520 ## - SUMMARY, ETC.
Summary, etc 1. Frank lloyd Wright
521 ## - TARGET AUDIENCE NOTE
Target audience note
541 ## - IMMEDIATE SOURCE OF ACQUISITION NOTE
-- 1
562 ## - COPY AND VERSION IDENTIFICATION NOTE
Number of copies For circulation. 1 copy in the collection.
600 10 - SUBJECT ADDED ENTRY--PERSONAL NAME
Personal name Wright, Frank Lloyd,
Dates associated with a name 1867-1959
General subdivision Juvenile literature.
600 11 - SUBJECT ADDED ENTRY--PERSONAL NAME
Personal name Wright, Frank Lloyd,
Dates associated with a name 1867-1959.
830 #0 - SERIES ADDED ENTRY--UNIFORM TITLE
Uniform title People of destiny.
906 ## - LOCAL DATA ELEMENT F, LDF (RLIN)
a 7
b cbc
c orignew
d u
e ocip
f 19
g y-gencatlg
942 ## - ADDED ENTRY ELEMENTS (KOHA)
Source of classification or shelving scheme Library of Congress Classification
Koha item type
Call number prefix
Holdings
Withdrawn status Lost status Source of classification or shelving scheme Damaged status Home library Current library Shelving location Date acquired Total Checkouts Full call number Barcode Date last seen Copy number Price effective from Koha item type
    Library of Congress Classification   Luxembourg Library Luxembourg Library Reference Section 02/07/2012   NA 737 .R514 1968 7985 08/13/2013 1 10/03/2013 Books

People of destiny :

APA

Richards K. G., . (1968). People of destiny. Chicago: Childrens Press.

Chicago

Richards Kenneth G, . 1968. People of destiny. Chicago: Childrens Press.

Harvard

Richards K. G., . (1968). People of destiny. Chicago: Childrens Press.

MLA

Richards Kenneth G, . People of destiny. Chicago: Childrens Press. 1968.

  • Print
  • Cite
  • Add to your cart (remove)
  • Save record
    BIBTEX Dublin Core MARCXML MARC (non-Unicode/MARC-8) MARC (Unicode/UTF-8) MARC (Unicode/UTF-8, Standard) MODS (XML) RIS
  • More searches
    Search for this title in:
    Other Libraries (WorldCat) Other Databases (Google Scholar) Online Stores (Bookfinder.com) Open Library (openlibrary.org)

Exporting to Dublin Core...

SOUTHVILLE LIBRARY

Southville International School and Colleges Library

1281 Tropical Ave. Cor. Luxembourg St., BF Homes International, Las Pinas City

Tel. No. 8256374 / 252358 Loc. 117/146

Powered by Koha